00778nam a2200241 a 4500001001300000003000900013005001700022008004100039020002500080082001800105100002000123245008100143260005200224300000900276500003500285505001000320650003500330700002000365902000800385942000700393952011900400999001700519nice12345678IN_TiNIC20260116013607.0050524s1980 bera grp 000 0 eng  a0520693 c465.500a320.9598bJAC aKackson, Karl D aTraditional Authority, Islam and Rebellionb a Study of Indonesian Political aBerkeleybUniversity of California Press c1980 a375p aincludes index and biblioraphy2 aIndex aIndonesia-Politics & Governmnt1 aKackson, Karl D bSRS cBK 001040708StackRoom-aHMIbHMId2007-04-05g465.50l0o320.9598 JACp015209r2018-11-02v465.50w2005-05-24yBK c11592d11592